| 000 | 00734nam a22002057a 4500 | ||
|---|---|---|---|
| 999 |
_c158699 _d158699 |
||
| 005 | 20181112154251.0 | ||
| 010 | _aENG-124296 | ||
| 020 |
_a9789350015889 _c191.00 |
||
| 035 | _aEN-107828 | ||
| 037 | _bDBAD/PUB. | ||
| 082 | _a530.02462 | ||
| 100 | _aSettu P. | ||
| 245 |
_aEngineering physics: _cby P. Settu; M. Adhikesavan [and] K. Sudalai Muthu _b'M scgene'- polytechnic colleges / |
||
| 260 |
_aVillupuram (Kallakkurichi) _bVel Publications _c2019 |
||
| 270 |
_a64, Ist Floor, Mari Illam, Kachirayapalayam Road, Fire Office Opposite, _bVillupuram (Kallakkurichi) _e600202 |
||
| 300 |
_a71p. _c25cm(pbk) _bill. |
||
| 700 | _a Adhikesavan M. | ||
| 700 | _aSudalai Muthu K. | ||
| 942 |
_2ddc _cEN _mSET _h530.02462 |
||